[Event "Bundesliga 9495"]
[Site "Deutschland"]
[Date "1995.??.??"]
[Round "?.7"]
[White "Kassebaum, Roman"]
[Black "Kilian, Ralf"]
[Result "1/2-1/2"]
[WhiteElo "2345"]
[BlackElo "2226"]
[PlyCount "75"]
[EventDate "1994.10.??"]
[EventType "team"]
[EventRounds "15"]
[EventCountry "GER"]
[SourceTitle "Bundesliga 9495"]
[Source "DeepChess"]
[SourceDate "2005.01.01"]
[SourceVersion "1"]
[SourceVersionDate "2005.01.01"]
[SourceQuality "1"]
[WhiteTeam "SG Bochum 31"]
[BlackTeam "PSV Turm Duisburg 1920 e.V."]
[WhiteTeamCountry "GER"]
[BlackTeamCountry "GER"]

1. e4 e6 2. d4 d5 3. Nd2 c5 4. exd5 exd5 5. Bb5+ Nc6 6. Ngf3 Bd6 7. dxc5 Bxc5
8. O-O Nge7 9. Nb3 Bd6 10. Nbd4 Bg4 11. Be2 O-O 12. Bg5 Qd7 13. Qd2 Rac8 14.
Rad1 Rfe8 15. Rfe1 Bh5 16. Nxc6 bxc6 17. c4 Qb7 18. a3 f6 19. Bh4 Nf5 20. Bg3
Nxg3 21. hxg3 Bf7 22. cxd5 cxd5 23. Nd4 Re5 24. Bf3 Rce8 25. Rxe5 Bxe5 26. b4
Bxd4 27. Qxd4 Rd8 28. Qc5 Qb6 29. Rd4 Qxc5 30. bxc5 Kf8 31. Kf1 Rc8 32. Bxd5
Rd8 33. c6 Bxd5 34. c7 Rc8 35. Rxd5 Rxc7 36. Ra5 Re7 37. g4 Ke8 38. f3 1/2-1/2

[Event "Bundesliga 9495"]
[Site "Deutschland"]
[Date "1995.??.??"]
[Round "?.8"]
[White "Werner, Knud"]
[Black "Ellers, Holger"]
[Result "1-0"]
[WhiteElo "2112"]
[BlackElo "2355"]
[PlyCount "75"]
[EventDate "1994.10.??"]
[EventType "team"]
[EventRounds "15"]
[EventCountry "GER"]
[SourceTitle "Bundesliga 9495"]
[Source "DeepChess"]
[SourceDate "2005.01.01"]
[SourceVersion "1"]
[SourceVersionDate "2005.01.01"]
[SourceQuality "1"]
[WhiteTeam "PSV Turm Duisburg 1920 e.V."]
[BlackTeam "SG Bochum 31"]
[WhiteTeamCountry "GER"]
[BlackTeamCountry "GER"]

1. d4 d5 2. Nf3 c6 3. c3 g6 4. Bf4 Bg7 5. h3 Nf6 6. e3 O-O 7. Bd3 c5 8. Nbd2
Nc6 9. Ne5 Nd7 10. Nxd7 Bxd7 11. O-O e5 12. dxe5 Nxe5 13. Nf3 Nxd3 14. Qxd3 Ba4
15. Be5 Re8 16. Bxg7 Kxg7 17. b3 Bc6 18. b4 b6 19. Rfd1 Qf6 20. Ne1 Rad8 21.
bxc5 bxc5 22. Qa6 d4 23. cxd4 cxd4 24. Rxd4 Rxd4 25. exd4 Re6 26. Qd3 Qg5 27.
Nf3 Bxf3 28. Qxf3 Qd2 29. Rd1 Qxa2 30. d5 Rf6 31. Qe3 Qc2 32. Rd2 Qc1+ 33. Kh2
a5 34. d6 Re6 35. Qd4+ Kg8 36. d7 Qc7+ 37. g3 Qd8 38. Rc2 $138 1-0

[Event "Bundesliga 9495"]
[Site "Deutschland"]
[Date "1994.??.??"]
[Round "?.2"]
[White "Hort, Vlastimil"]
[Black "Unzicker, Wolfgang"]
[Result "1/2-1/2"]
[WhiteElo "2555"]
[BlackElo "2430"]
[PlyCount "25"]
[EventDate "1994.10.??"]
[EventType "team"]
[EventRounds "15"]
[EventCountry "GER"]
[SourceTitle "Bundesliga 9495"]
[Source "DeepChess"]
[SourceDate "2005.01.01"]
[SourceVersion "1"]
[SourceVersionDate "2005.01.01"]
[SourceQuality "1"]
[WhiteTeam "SG Porz e.V."]
[BlackTeam "PSV Turm Duisburg 1920 e.V."]
[WhiteTeamCountry "GER"]
[BlackTeamCountry "GER"]

1. c4 c5 2. Nf3 Nf6 3. d4 cxd4 4. Nxd4 e6 5. g3 d5 6. Bg2 Bb4+ 7. Bd2 Bc5 8.
Bc3 O-O 9. Nb3 Be7 10. cxd5 Nxd5 11. Bd2 Bf6 12. Qc1 Nc6 13. Nc3 1/2-1/2

[Event "Bundesliga 9495"]
[Site "Deutschland"]
[Date "1994.??.??"]
[Round "?.3"]
[White "Espig, Lutz"]
[Black "Christiansen, Larry Mark"]
[Result "1/2-1/2"]
[WhiteElo "2470"]
[BlackElo "2575"]
[PlyCount "112"]
[EventDate "1994.10.??"]
[EventType "team"]
[EventRounds "15"]
[EventCountry "GER"]
[SourceTitle "Bundesliga 9495"]
[Source "DeepChess"]
[SourceDate "2005.01.01"]
[SourceVersion "1"]
[SourceVersionDate "2005.01.01"]
[SourceQuality "1"]
[WhiteTeam "PSV Turm Duisburg 1920 e.V."]
[BlackTeam "SG Porz e.V."]
[WhiteTeamCountry "GER"]
[BlackTeamCountry "GER"]

1. Nf3 c5 2. c4 Nf6 3. Nc3 b6 4. g3 Bb7 5. Bg2 g6 6. b3 Bg7 7. Bb2 O-O 8. O-O
Na6 9. Rc1 Rc8 10. d3 d6 11. Qd2 Qd7 12. Rfe1 Rfd8 13. e4 e6 14. d4 cxd4 15.
Nxd4 Nc5 16. Rcd1 a6 17. Qe2 Qc7 18. Ba1 Qb8 19. Nc2 Ncd7 20. Ne3 Bc6 21. Rd2
b5 22. cxb5 axb5 23. b4 Bf8 24. a3 Be7 25. Bb2 Nb6 26. e5 Bxg2 27. Kxg2 dxe5
28. Rxd8+ Rxd8 29. Qxb5 h5 30. Rd1 Qa8+ 31. Kg1 Rxd1+ 32. Ncxd1 Nfd7 33. Nc4
Nxc4 34. Qxc4 h4 35. Ne3 Bg5 36. gxh4 Bf4 37. Qd3 Nf6 38. Ng2 Nd5 39. Qe2 Qa4
40. h5 Qb3 41. Bxe5 Qb1+ 42. Ne1 gxh5 43. Bxf4 Nxf4 44. Qe5 Ng6 45. Qe3 e5 46.
h3 Kg7 47. Kh2 Qb2 48. Nf3 f6 49. Kg3 Qb1 50. Kh2 Qb2 51. Ne1 f5 52. Ng2 f4 53.
Qa7+ Kh6 54. Qb6 Kg5 55. Qd8+ Kh6 56. Qb6 Kg5 1/2-1/2

[Event "Bundesliga 9495"]
[Site "Deutschland"]
[Date "1994.??.??"]
[Round "?.4"]
[White "Hickl, Joerg"]
[Black "Mohr, Stefan"]
[Result "1/2-1/2"]
[WhiteElo "2535"]
[BlackElo "2455"]
[PlyCount "70"]
[EventDate "1994.10.??"]
[EventType "team"]
[EventRounds "15"]
[EventCountry "GER"]
[SourceTitle "Bundesliga 9495"]
[Source "DeepChess"]
[SourceDate "2005.01.01"]
[SourceVersion "1"]
[SourceVersionDate "2005.01.01"]
[SourceQuality "1"]
[WhiteTeam "SG Porz e.V."]
[BlackTeam "PSV Turm Duisburg 1920 e.V."]
[WhiteTeamCountry "GER"]
[BlackTeamCountry "GER"]

1. g3 e5 2. Bg2 d6 3. c4 g6 4. Nc3 Bg7 5. d3 f5 6. Rb1 Nf6 7. Nf3 h6 8. O-O Nc6
9. b4 a6 10. a4 O-O 11. b5 axb5 12. axb5 Ne7 13. Bb2 Be6 14. Ra1 Rc8 15. Ra7 b6
16. Qb3 g5 17. Nd2 f4 18. Rfa1 Nf5 19. Nd5 fxg3 20. hxg3 Ng4 21. Ne4 Nd4 22.
Bxd4 exd4 23. Bh3 Kh8 24. f3 Bxd5 25. Bxg4 Bxe4 26. dxe4 Rb8 27. Qd3 Qe7 28.
Kg2 Be5 29. Rh1 Kg7 30. Bf5 Ra8 31. Ra6 Rh8 32. Bg4 Qf7 33. Bh5 Qe7 34. Bg4 Qf7
35. Bh5 Qe7 1/2-1/2

[Event "Bundesliga 9495"]
[Site "Deutschland"]
[Date "1994.??.??"]
[Round "?.7"]
[White "Malich, Burkhard"]
[Black "Brunner, Lucas"]
[Result "1/2-1/2"]
[WhiteElo "2415"]
[BlackElo "2525"]
[PlyCount "56"]
[EventDate "1994.10.??"]
[EventType "team"]
[EventRounds "15"]
[EventCountry "GER"]
[SourceTitle "Bundesliga 9495"]
[Source "DeepChess"]
[SourceDate "2005.01.01"]
[SourceVersion "1"]
[SourceVersionDate "2005.01.01"]
[SourceQuality "1"]
[WhiteTeam "PSV Turm Duisburg 1920 e.V."]
[BlackTeam "SG Porz e.V."]
[WhiteTeamCountry "GER"]
[BlackTeamCountry "GER"]

1. Nf3 d5 2. d4 Nf6 3. c4 dxc4 4. e3 e6 5. Bxc4 c5 6. O-O a6 7. dxc5 Bxc5 8.
Qe2 b5 9. Bd3 Nbd7 10. a4 bxa4 11. Nc3 Bb7 12. Nxa4 Bd6 13. Rd1 Qb8 14. h3 O-O
15. e4 Bf4 16. Be3 Bc6 17. Bd4 Rd8 18. Bc3 Qb7 19. Bxf6 Nxf6 20. Nc3 Qb4 21. g3
Bc7 22. Rac1 Qb7 23. Rc2 Bb6 24. Kh2 h6 25. Ne5 Be8 26. Nc4 Bc6 27. Ne5 Be8 28.
Nc4 Bc6 1/2-1/2

[Event "Bundesliga 9495"]
[Site "Deutschland"]
[Date "1994.??.??"]
[Round "?.8"]
[White "Mainka, Romuald"]
[Black "Himmel, Hansjoerg"]
[Result "1-0"]
[WhiteElo "2485"]
[BlackElo "2335"]
[PlyCount "65"]
[EventDate "1994.10.??"]
[EventType "team"]
[EventRounds "15"]
[EventCountry "GER"]
[SourceTitle "Bundesliga 9495"]
[Source "DeepChess"]
[SourceDate "2005.01.01"]
[SourceVersion "1"]
[SourceVersionDate "2005.01.01"]
[SourceQuality "1"]
[WhiteTeam "SG Porz e.V."]
[BlackTeam "PSV Turm Duisburg 1920 e.V."]
[WhiteTeamCountry "GER"]
[BlackTeamCountry "GER"]

1. e4 c5 2. Nf3 d6 3. d4 cxd4 4. Nxd4 Nf6 5. Nc3 g6 6. Be3 Bg7 7. f3 O-O 8. Qd2
Nc6 9. O-O-O d5 10. Qe1 e6 11. h4 Re8 12. Nb3 Bd7 13. h5 Nxh5 14. g4 d4 15.
Nxd4 Nxd4 16. Bxd4 Nf4 17. Bxg7 Kxg7 18. Kb1 Qc7 19. Qh4 h5 20. gxh5 Nxh5 21.
Qg5 f6 22. Qg4 Rh8 23. Rg1 Rh6 24. Bb5 Bc8 25. Ne2 a6 26. Be8 e5 27. Bd7 Kh8
28. Qe6 Bxd7 29. Rxd7 Qc5 30. Rgd1 Rf8 31. Rxb7 Nf4 32. Nxf4 exf4 33. Rf7 1-0

[Event "Bundesliga 9495"]
[Site "Deutschland"]
[Date "1995.??.??"]
[Round "?.2"]
[White "Unzicker, Wolfgang"]
[Black "Rozentalis, Eduardas"]
[Result "1/2-1/2"]
[WhiteElo "2440"]
[BlackElo "2600"]
[PlyCount "69"]
[EventDate "1994.10.??"]
[EventType "team"]
[EventRounds "15"]
[EventCountry "GER"]
[SourceTitle "Bundesliga 9495"]
[Source "DeepChess"]
[SourceDate "2005.01.01"]
[SourceVersion "1"]
[SourceVersionDate "2005.01.01"]
[SourceQuality "1"]
[WhiteTeam "PSV Turm Duisburg 1920 e.V."]
[BlackTeam "SK Zaehringen 1921"]
[WhiteTeamCountry "GER"]
[BlackTeamCountry "GER"]

1. e4 e6 2. d4 d5 3. Nd2 Nf6 4. e5 Nfd7 5. Bd3 c5 6. c3 Nc6 7. Ne2 cxd4 8. cxd4
f6 9. exf6 Nxf6 10. Nf3 Qc7 11. Nc3 a6 12. Bg5 Bd6 13. O-O O-O 14. Bh4 Nh5 15.
Rc1 g6 16. Bb1 Qg7 17. Bg5 Bd7 18. Re1 Rae8 19. Na4 Bf4 20. Bxf4 Rxf4 21. Nc5
Nxd4 22. Ne5 Bb5 23. a4 b6 24. axb5 bxc5 25. bxa6 Qa7 26. Nd3 c4 27. Nxf4 Nxf4
28. g3 Nh5 29. Rc3 Kg7 30. Rce3 Rb8 31. Qa4 Rb6 32. Qa5 Qxa6 33. Qc5 Nb5 34. b3
c3 35. Bd3 1/2-1/2

[Event "Bundesliga 9495"]
[Site "Deutschland"]
[Date "1995.??.??"]
[Round "?.3"]
[White "Siegel, Georg"]
[Black "Espig, Lutz"]
[Result "1/2-1/2"]
[WhiteElo "2505"]
[BlackElo "2430"]
[PlyCount "87"]
[EventDate "1994.10.??"]
[EventType "team"]
[EventRounds "15"]
[EventCountry "GER"]
[SourceTitle "Bundesliga 9495"]
[Source "DeepChess"]
[SourceDate "2005.01.01"]
[SourceVersion "1"]
[SourceVersionDate "2005.01.01"]
[SourceQuality "1"]
[WhiteTeam "SK Zaehringen 1921"]
[BlackTeam "PSV Turm Duisburg 1920 e.V."]
[WhiteTeamCountry "GER"]
[BlackTeamCountry "GER"]

1. d4 Nf6 2. c4 d6 3. Nc3 Nbd7 4. e4 e5 5. Nf3 Be7 6. Be2 O-O 7. O-O c6 8. Re1
a6 9. Rb1 Qc7 10. b3 b5 11. b4 exd4 12. Nxd4 Ne5 13. cxb5 cxb5 14. Bb2 Bb7 15.
Bf1 Rfe8 16. a4 bxa4 17. Qxa4 Qb6 18. Nf5 Neg4 19. Nd1 Bxe4 20. Rxe4 Nxe4 21.
Bd4 Qc7 22. Nxg7 d5 23. g3 Red8 24. Qa3 Bf6 25. Nf5 Bxd4 26. Nxd4 Nd2 27. Rc1
Qe5 28. Nf3 Nxf3+ 29. Qxf3 Qe4 30. Qa3 Ne5 31. Bg2 Qe1+ 32. Bf1 Nc4 33. Qa1
Qxb4 34. Bxc4 dxc4 35. Ne3 Rac8 36. Qxa6 Qd6 37. Qxd6 Rxd6 38. Rxc4 Rxc4 39.
Nxc4 Rd4 40. Ne3 Ra4 41. Kg2 Ra2 42. Kf3 Kg7 43. h4 Kg6 44. Nd5 1/2-1/2

[Event "Bundesliga 9495"]
[Site "Deutschland"]
[Date "1995.??.??"]
[Round "?.4"]
[White "Mohr, Stefan"]
[Black "Schmaltz, Roland"]
[Result "1-0"]
[WhiteElo "2455"]
[BlackElo "2450"]
[PlyCount "65"]
[EventDate "1994.10.??"]
[EventType "team"]
[EventRounds "15"]
[EventCountry "GER"]
[SourceTitle "Bundesliga 9495"]
[Source "DeepChess"]
[SourceDate "2005.01.01"]
[SourceVersion "1"]
[SourceVersionDate "2005.01.01"]
[SourceQuality "1"]
[WhiteTeam "PSV Turm Duisburg 1920 e.V."]
[BlackTeam "SK Zaehringen 1921"]
[WhiteTeamCountry "GER"]
[BlackTeamCountry "GER"]

1. e4 d6 2. d4 Nf6 3. Bd3 g6 4. c3 Bg7 5. f4 e5 6. Nf3 exd4 7. cxd4 c5 8. dxc5
Qa5+ 9. Nc3 Qxc5 10. Qe2 O-O 11. Be3 Qa5 12. O-O Nc6 13. h3 Re8 14. Rad1 Be6
15. Qf2 Rad8 16. Nd4 Bd7 17. a3 Re7 18. Ndb5 Be6 19. Nxa7 Nd7 20. Nab5 Bb3 21.
Nxd6 Nf8 22. Bc2 Bxc2 23. Qxc2 Bxc3 24. bxc3 Qxa3 25. e5 Ra8 26. Ne4 Qa2 27.
Nf6+ Kg7 28. Qxa2 Rxa2 29. Bc5 Re6 30. Ra1 Rxa1 31. Rxa1 g5 32. Bxf8+ Kxf8 33.
Nxh7+ 1-0

[Event "Bundesliga 9495"]
[Site "Deutschland"]
[Date "1995.??.??"]
[Round "?.5"]
[White "Brendel, Oliver"]
[Black "Gruenberg, Hans Ulrich"]
[Result "1/2-1/2"]
[WhiteElo "2385"]
[BlackElo "2470"]
[PlyCount "82"]
[EventDate "1994.10.??"]
[EventType "team"]
[EventRounds "15"]
[EventCountry "GER"]
[SourceTitle "Bundesliga 9495"]
[Source "DeepChess"]
[SourceDate "2005.01.01"]
[SourceVersion "1"]
[SourceVersionDate "2005.01.01"]
[SourceQuality "1"]
[WhiteTeam "SK Zaehringen 1921"]
[BlackTeam "PSV Turm Duisburg 1920 e.V."]
[WhiteTeamCountry "GER"]
[BlackTeamCountry "GER"]

1. e4 c5 2. Nf3 d6 3. d4 cxd4 4. Nxd4 Nf6 5. Nc3 a6 6. Be3 e6 7. f3 b5 8. g4 h6
9. Qd2 Nbd7 10. O-O-O Bb7 11. Bd3 Ne5 12. Rhe1 b4 13. Nce2 d5 14. exd5 Nxd5 15.
Nf4 Bd6 16. Nfxe6 fxe6 17. Nxe6 Qf6 18. Bd4 Qxe6 19. Bf5 Qe7 20. Bxe5 Bxe5 21.
Rxe5 Qxe5 22. Re1 Qe7 23. Rxe7+ Kxe7 24. Qd4 Kf7 25. Qe4 Rhe8 26. Bg6+ Kf8 27.
Qf5+ Nf6 28. Bxe8 Rxe8 29. h4 Kg8 30. g5 hxg5 31. hxg5 Nd5 32. f4 Re7 33. Qg4
Ne3 34. Qh3 g6 35. b3 a5 36. Kd2 Nd5 37. f5 Re2+ 38. Kc1 Re1+ 39. Kd2 Re2+ 40.
Kc1 Re1+ 41. Kd2 Re2+ 1/2-1/2

[Event "Bundesliga 9495"]
[Site "Deutschland"]
[Date "1995.??.??"]
[Round "?.6"]
[White "Moiseev, Viktor"]
[Black "Vatter, Hans Joachim"]
[Result "0-1"]
[WhiteElo "2455"]
[BlackElo "2345"]
[PlyCount "170"]
[EventDate "1994.10.??"]
[EventType "team"]
[EventRounds "15"]
[EventCountry "GER"]
[SourceTitle "Bundesliga 9495"]
[Source "DeepChess"]
[SourceDate "2005.01.01"]
[SourceVersion "1"]
[SourceVersionDate "2005.01.01"]
[SourceQuality "1"]
[WhiteTeam "PSV Turm Duisburg 1920 e.V."]
[BlackTeam "SK Zaehringen 1921"]
[WhiteTeamCountry "GER"]
[BlackTeamCountry "GER"]

1. e4 c5 2. Nf3 Nc6 3. d4 cxd4 4. Nxd4 e5 5. Nb5 a6 6. Nd6+ Bxd6 7. Qxd6 Qe7 8.
Qd1 Nf6 9. Nc3 h6 10. Be3 d6 11. Qd2 Be6 12. O-O-O Rd8 13. Bb6 Rd7 14. Nd5 Bxd5
15. exd5 Nb8 16. g3 O-O 17. Bh3 Ne4 18. Qe3 f5 19. Bxf5 Rxf5 20. Qxe4 Qf8 21.
Be3 Rc7 22. g4 Rff7 23. h4 Qc8 24. g5 h5 25. Kb1 Qf5 26. Qxf5 Rxf5 27. b3 b5
28. Kb2 Nd7 29. Rc1 Nc5 30. Rhe1 Rf3 31. Rcd1 Rc8 32. Re2 Kf7 33. c4 bxc4 34.
bxc4 Rh3 35. Bxc5 Rxc5 36. Re4 Kg6 37. Rde1 Kf5 38. R1e2 Rf3 39. Kc2 Ra3 40.
Kb2 Rf3 41. Kc2 Ra3 42. Kb2 Rca5 43. Kb1 R5a4 44. R4e3 Rxe3 45. Rxe3 Rxc4 46.
Ra3 Rxh4 47. Rxa6 Rf4 48. Rxd6 Rxf2 49. Rd7 Kg6 50. d6 Rd2 51. Kc1 Rxa2 52. Re7
Ra5 53. Kd2 Rd5+ 54. Ke3 Rxd6 55. Rxe5 Rd1 56. Kf2 Rd4 57. Kg3 Rg4+ 58. Kh3
Rxg5 59. Re6+ Kf5 60. Ra6 Rg4 61. Rb6 Re4 62. Rb8 Re3+ 63. Kg2 g5 64. Rb5+ Kf4
65. Rb4+ Re4 66. Rb3 Re2+ 67. Kf1 Re3 68. Rb2 h4 69. Kg2 g4 70. Rf2+ Rf3 71.
Ra2 Re3 72. Rf2+ Kg5 73. Ra2 h3+ 74. Kh2 Kh4 75. Ra4 Re2+ 76. Kg1 Rg2+ 77. Kh1
Rf2 78. Kg1 Re2 79. Rb4 Kg3 80. Rb3+ Kf4 81. Rb4+ Re4 82. Rb1 g3 83. Rf1+ Ke5
84. Ra1 Rd4 85. Kh1 Rd2 0-1

[Event "Bundesliga 9495"]
[Site "Deutschland"]
[Date "1995.??.??"]
[Round "?.7"]
[White "Herbrechtsmeier, Christof"]
[Black "Kilian, Ralf"]
[Result "1/2-1/2"]
[WhiteElo "2330"]
[BlackElo "2226"]
[PlyCount "62"]
[EventDate "1994.10.??"]
[EventType "team"]
[EventRounds "15"]
[EventCountry "GER"]
[SourceTitle "Bundesliga 9495"]
[Source "DeepChess"]
[SourceDate "2005.01.01"]
[SourceVersion "1"]
[SourceVersionDate "2005.01.01"]
[SourceQuality "1"]
[WhiteTeam "SK Zaehringen 1921"]
[BlackTeam "PSV Turm Duisburg 1920 e.V."]
[WhiteTeamCountry "GER"]
[BlackTeamCountry "GER"]

1. e4 e6 2. d4 d5 3. Nc3 Nf6 4. Bg5 Bb4 5. e5 h6 6. Be3 Ne4 7. Qg4 Kf8 8. Bd3
Nxc3 9. a3 Ba5 10. Bd2 c5 11. bxc3 cxd4 12. cxd4 Bxd2+ 13. Kxd2 Qg5+ 14. Qxg5
hxg5 15. g4 f6 16. Nf3 Rh3 17. Ke3 Nc6 18. Bf1 Rxf3+ 19. Kxf3 Nxd4+ 20. Kg3
fxe5 21. h4 Bd7 22. hxg5 Kf7 23. c3 Nb3 24. Rb1 Na5 25. f4 Rc8 26. fxe5 Rxc3+
27. Kf4 Rxa3 28. Rh8 Kg6 29. Rf8 Nc6 30. Ra1 Rb3 31. Rb1 Ra3 1/2-1/2

[Event "Bundesliga 9495"]
[Site "Deutschland"]
[Date "1995.??.??"]
[Round "?.8"]
[White "Quast, Michael"]
[Black "Weidemann, Joerg"]
[Result "0-1"]
[WhiteElo "2172"]
[BlackElo "2295"]
[PlyCount "84"]
[EventDate "1994.10.??"]
[EventType "team"]
[EventRounds "15"]
[EventCountry "GER"]
[SourceTitle "Bundesliga 9495"]
[Source "DeepChess"]
[SourceDate "2005.01.01"]
[SourceVersion "1"]
[SourceVersionDate "2005.01.01"]
[SourceQuality "1"]
[WhiteTeam "PSV Turm Duisburg 1920 e.V."]
[BlackTeam "SK Zaehringen 1921"]
[WhiteTeamCountry "GER"]
[BlackTeamCountry "GER"]

1. e4 c5 2. Nc3 Nc6 3. f4 e6 4. Nf3 a6 5. g3 d5 6. exd5 exd5 7. Bg2 Nf6 8. O-O
Be7 9. d3 O-O 10. Ne5 Nd4 11. g4 Bd6 12. h3 Be6 13. g5 Bxe5 14. fxe5 Ne8 15.
Bf4 Qd7 16. Kh2 g6 17. Ne2 Nf5 18. Qe1 Neg7 19. Qf2 Rac8 20. b3 d4 21. Be4 Bd5
22. Bxf5 Nxf5 23. Ng3 Ng7 24. Rae1 Rfe8 25. Re2 Re7 26. Rfe1 Qc6 27. Rf1 Rce8
28. a4 b6 29. Ree1 Ne6 30. Re2 Nf8 31. Ne4 Bxe4 32. Rxe4 Ne6 33. Qh4 Qd5 34.
Rfe1 b5 35. axb5 axb5 36. Qf2 Ra8 37. h4 Ra2 38. R1e2 c4 39. bxc4 bxc4 40. Bg3
Rb7 41. Qf6 cxd3 42. cxd3 Nc5 0-1

[Event "Bundesliga 9495"]
[Site "Deutschland"]
[Date "1994.??.??"]
[Round "?.3"]
[White "Rechel, Bernd"]
[Black "Espig, Lutz"]
[Result "1-0"]
[WhiteElo "2410"]
[BlackElo "2470"]
[PlyCount "73"]
[EventDate "1994.10.??"]
[EventType "team"]
[EventRounds "15"]
[EventCountry "GER"]
[SourceTitle "Bundesliga 9495"]
[Source "DeepChess"]
[SourceDate "2005.01.01"]
[SourceVersion "1"]
[SourceVersionDate "2005.01.01"]
[SourceQuality "1"]
[WhiteTeam "SV 1920 Hofheim"]
[BlackTeam "PSV Turm Duisburg 1920 e.V."]
[WhiteTeamCountry "GER"]
[BlackTeamCountry "GER"]

1. e4 c5 2. Nf3 e6 3. d4 cxd4 4. Nxd4 a6 5. Nc3 Qc7 6. Be2 Nf6 7. O-O Nc6 8.
Be3 Bb4 9. Na4 Be7 10. Nxc6 bxc6 11. Nb6 Rb8 12. Nxc8 Qxc8 13. e5 Nd5 14. Bc1
a5 15. c4 Nb4 16. a3 Na6 17. Bd3 Qc7 18. Re1 Bc5 19. Qg4 g6 20. Rb1 Bf8 21. Bc2
Bg7 22. Bf4 Rb7 23. h4 h5 24. Qg3 O-O 25. Qf3 Rfb8 26. b3 Qd8 27. Bg5 Qe8 28.
g4 hxg4 29. Qxg4 c5 30. h5 a4 31. Bf6 d5 32. hxg6 fxg6 33. Bxg6 Qc6 34. Qh3 Kf8
35. bxa4 Rxb1 36. Bxg7+ Ke7 37. Bf6+ 1-0

[Event "Bundesliga 9495"]
[Site "Deutschland"]
[Date "1994.??.??"]
[Round "?.5"]
[White "Schmitzer, Klaus"]
[Black "Gruenberg, Hans Ulrich"]
[Result "1-0"]
[WhiteElo "2330"]
[BlackElo "2460"]
[PlyCount "71"]
[EventDate "1994.10.??"]
[EventType "team"]
[EventRounds "15"]
[EventCountry "GER"]
[SourceTitle "Bundesliga 9495"]
[Source "DeepChess"]
[SourceDate "2005.01.01"]
[SourceVersion "1"]
[SourceVersionDate "2005.01.01"]
[SourceQuality "1"]
[WhiteTeam "SV 1920 Hofheim"]
[BlackTeam "PSV Turm Duisburg 1920 e.V."]
[WhiteTeamCountry "GER"]
[BlackTeamCountry "GER"]

1. e4 c5 2. Nf3 d6 3. d4 cxd4 4. Nxd4 Nf6 5. Nc3 Nc6 6. Bg5 e6 7. Qd2 a6 8.
O-O-O h6 9. Be3 Bd7 10. f3 b5 11. g4 Rc8 12. h4 Nxd4 13. Qxd4 e5 14. Qd2 Be7
15. Bd3 b4 16. Nd5 Nxd5 17. exd5 Qa5 18. Kb1 Qxd5 19. Bxa6 Qxd2 20. Bxd2 Rb8
21. g5 Bc6 22. Be2 Kd7 23. gxh6 gxh6 24. c3 d5 25. cxb4 Bxb4 26. Bc1 Be7 27. h5
d4 28. Rhe1 Bh4 29. Rf1 Bd5 30. f4 f6 31. Bg4+ Kd6 32. b3 Be4+ 33. Ka1 Ra8 34.
Bb2 Kd5 35. fxe5 fxe5 36. Rf7 $138 1-0

[Event "Bundesliga 9495"]
[Site "Deutschland"]
[Date "1994.??.??"]
[Round "?.6"]
[White "Moiseev, Viktor"]
[Black "Zude, Erik"]
[Result "1-0"]
[WhiteElo "2450"]
[BlackElo "2365"]
[PlyCount "77"]
[EventDate "1994.10.??"]
[EventType "team"]
[EventRounds "15"]
[EventCountry "GER"]
[SourceTitle "Bundesliga 9495"]
[Source "DeepChess"]
[SourceDate "2005.01.01"]
[SourceVersion "1"]
[SourceVersionDate "2005.01.01"]
[SourceQuality "1"]
[WhiteTeam "PSV Turm Duisburg 1920 e.V."]
[BlackTeam "SV 1920 Hofheim"]
[WhiteTeamCountry "GER"]
[BlackTeamCountry "GER"]

1. e4 e5 2. Nf3 Nc6 3. Bb5 a6 4. Ba4 d6 5. O-O Bd7 6. d4 Nf6 7. Bxc6 Bxc6 8.
Re1 Bxe4 9. Nc3 Bf5 10. dxe5 dxe5 11. Rxe5+ Be6 12. Nd4 Qd7 13. Nxe6 fxe6 14.
Qe2 O-O-O 15. Rxe6 Bb4 16. Bf4 Bxc3 17. Re7 Bxb2 18. Rxd7 Rxd7 19. Rd1 Re8 20.
Qf3 Rde7 21. Be3 Re4 22. h3 Be5 23. g4 h6 24. Qf5+ Kb8 25. Qg6 b6 26. Kg2 Re7
27. Rd8+ Kb7 28. Qf5 a5 29. Qc8+ Kc6 30. Qa6 Rb4 31. c4 Rd7 32. Qa8+ Kd6 33.
c5+ Ke7 34. Rxd7+ Nxd7 35. cxb6 cxb6 36. Qd5 Bb2 37. Kf3 a4 38. Bf4 Rd4 39.
Bd6+ 1-0

[Event "Bundesliga 9495"]
[Site "Deutschland"]
[Date "1994.??.??"]
[Round "?.7"]
[White "Quendro, Llambi"]
[Black "Malich, Burkhard"]
[Result "1/2-1/2"]
[WhiteElo "2300"]
[BlackElo "2415"]
[PlyCount "68"]
[EventDate "1994.10.??"]
[EventType "team"]
[EventRounds "15"]
[EventCountry "GER"]
[SourceTitle "Bundesliga 9495"]
[Source "DeepChess"]
[SourceDate "2005.01.01"]
[SourceVersion "1"]
[SourceVersionDate "2005.01.01"]
[SourceQuality "1"]
[WhiteTeam "SV 1920 Hofheim"]
[BlackTeam "PSV Turm Duisburg 1920 e.V."]
[WhiteTeamCountry "GER"]
[BlackTeamCountry "GER"]

1. d4 d5 2. Nf3 Nf6 3. c4 e6 4. Nc3 Be7 5. Bg5 Nbd7 6. e3 O-O 7. Rc1 c6 8. Bd3
dxc4 9. Bxc4 Nd5 10. Bxe7 Qxe7 11. O-O Nxc3 12. Rxc3 b6 13. Qe2 Bb7 14. Rfc1 a5
15. Bd3 Rab8 16. a3 Rfd8 17. h3 g6 18. Be4 c5 19. Bxb7 Rxb7 20. Qb5 Rdb8 21.
R1c2 Rc7 22. dxc5 Rxc5 23. Rxc5 Nxc5 24. b4 axb4 25. axb4 Qd7 26. Qxd7 Nxd7 27.
Rc7 Rd8 28. Nd4 Nf6 29. b5 Rd5 30. Rb7 e5 31. Nc6 Rxb5 32. Nd8 Rd5 33. Nxf7 Rd7
34. Rxd7 Nxd7 1/2-1/2

[Event "Bundesliga 9495"]
[Site "Deutschland"]
[Date "1994.??.??"]
[Round "?.8"]
[White "Himmel, Hansjoerg"]
[Black "Buchal, Stephan"]
[Result "1-0"]
[WhiteElo "2335"]
[BlackElo "2360"]
[PlyCount "97"]
[EventDate "1994.10.??"]
[EventType "team"]
[EventRounds "15"]
[EventCountry "GER"]
[SourceTitle "Bundesliga 9495"]
[Source "DeepChess"]
[SourceDate "2005.01.01"]
[SourceVersion "1"]
[SourceVersionDate "2005.01.01"]
[SourceQuality "1"]
[WhiteTeam "PSV Turm Duisburg 1920 e.V."]
[BlackTeam "SV 1920 Hofheim"]
[WhiteTeamCountry "GER"]
[BlackTeamCountry "GER"]

1. e4 g6 2. d4 Bg7 3. c3 d5 4. exd5 Qxd5 5. Be2 Bf5 6. Nf3 Bxb1 7. Rxb1 Qxa2 8.
Bf4 Nd7 9. Bxc7 Ngf6 10. O-O O-O 11. c4 Rfc8 12. Qc2 Qa6 13. Bf4 Qa5 14. h3 Nd5
15. Bd2 Qd8 16. Qe4 N7f6 17. Qh4 Nb6 18. Rbc1 Nbd7 19. Rfd1 Qe8 20. Ne5 Nxe5
21. dxe5 Nd7 22. Bf3 Rc7 23. e6 fxe6 24. Ba5 Rc5 25. b4 Rf5 26. Bxb7 Nf8 27.
Bxa8 Qxa8 28. Re1 Qe8 29. Bc7 e5 30. Qe4 Kh8 31. Rcd1 Ne6 32. Qb7 Qf7 33. Qxa7
h5 34. Bb6 Nd4 35. Bxd4 exd4 36. Rxe7 Qf6 37. Re8+ Kh7 38. Re2 Rg5 39. Qb7 Qf5
40. Qd5 Qf6 41. Qe4 Qf7 42. Qd3 Qb7 43. f3 Qxb4 44. f4 Ra5 45. Re6 Rf5 46. Rxg6
Kxg6 47. g4 hxg4 48. hxg4 Qa5 49. Kf2 1-0